000 00743nam a22002057a 4500
999 _c11966
_d11966
003 AR-CdUCM
008 190405b ||||| |||| 00| 0 spa d
040 _aMUNICIPALIDAD PROVINCIAL DEL CUSCO
_cBIBLIOTECA MUNICIPAL DEL CUSCO
082 _a860.8 /
_bG24 / 1945
100 _aGaos, Jose
_924679
245 _aPensamiento Español /
260 _aMexico :
_bSecretaria de educación pública,
_c1945.
300 _a91 páginas ;
_c20 cm.
505 _aPrimera crónica general de España -- Filosodia y artes liberales -- Alfabeto cristiano -- Liberalismo y socialismo...
650 _aEspaña.
_9176
650 _aPensamiento Español.
_929602
650 _aFolosifia española.
_929603
942 _2ddc
_cLIBROS
945 _awfj
_d2019-04-05